| 000 | 00940nam a2200301Ia 4500 | ||
|---|---|---|---|
| 003 | OSt | ||
| 005 | 20221007123519.0 | ||
| 006 | a|||||r|||| 00| 0 | ||
| 007 | ta | ||
| 008 | 221006b |||||||| |||| 00| 0 eng d | ||
| 020 |
_a0521660009 (hbd) _c1850.00 |
||
| 024 | _a13485 | ||
| 037 |
_bIN-00150, 14/02/2005, N R Book Distributors _cTextual |
||
| 040 |
_aPAPL _cPAPL _beng |
||
| 041 |
_2eng _aeng |
||
| 082 | _aCN30, N5.3;3 Carpa | ||
| 100 | _aWeinberg Steven | ||
| 245 | 0 | _aQuantum theory of fields | |
| 260 |
_aCambridge _bCambridge University Press _c1995 |
||
| 490 | _vVol 3: | ||
| 500 | _aIncludes bibliographical references | ||
| 650 |
_a Field thoery _9717324 |
||
| 650 |
_a Quantum theory _9612792 |
||
| 650 | _a Supersymmetry | ||
| 650 | _aPhysics | ||
| 942 |
_hCN30, N5.3;3 Carpa _cTEXL _2CC |
||
| 999 |
_c1212025 _d1212025 |
||